000 01150nam a22002415i 4500
001 168042
003 ES-MaACL
005 20250920063109.0
008 991015s1842 sp |||| | spa d
080 _a378.4(460.235 B.)(073)
100 1 _aYáñez y Girona, Agustín,
_d1789-1857
_9134002
245 1 0 _aDe necessario scientiarum omnium foedere oratio quam in solemni Studiorum Academiae Barcinonensis inauguratione protulit /
_cAugustinus Yañez et Girona.
260 _aBarcinone :
_b[s.n.],
_c1842 (
_fTypis Antonii Bergnés et Sociorum)
300 _a46 p. ;
_c23 cm.
500 _aIncluye (p. 21-46) programas de diferentes asignaturas de la Universidad Literaria de Barcelona.
530 _aDisponible en formato digital.
546 _aTexto en latín y español.
610 2 4 _aUniversidad de Barcelona-
_vProgramas de estudios.
_9143741
710 2 _aUniversidad Literaria de Barcelona.
_9170031
852 4 _aES-MaACL
_jT-18-F-4
_z- Enc. hol., falto de cub. original
_z- Enc. en un vol. facticio
856 4 _uhttp://hdl.handle.net/2445/3262
_zDipòsit Digital de la Universitat de Barcelona
999 _c168042
_d168042